Come with me from Lebanon : an American family odyssey /

Bibliographic Details
Main Author: Kerr, Ann Zwicker, 1935-
Format: Book
Language:English
Published: Syracuse, NY : Syracuse University Press, 1994.
Edition:1st ed.
Series:Contemporary issues in the Middle East.
Subjects:

MARC

Tag First Indicator Second Indicator Subfields
LEADER 00000cam a22000008a 4500
001 in00001225310
005 20151003053131.0
008 940303s1994 nyua b 001 0ceng
010 |a  94009246  
020 |a 0815602987 
035 |a (OCoLC)30363556 
035 |9 AGR8478AM 
040 |a DLC  |c DLC  |d NGU  |d IAY  |d TXA  |d UtOrBLW 
049 |a TXAM 
050 0 0 |a CT275.K45866  |b A3 1994 
082 0 0 |a 956.92  |2 20 
100 1 |a Kerr, Ann Zwicker,  |d 1935- 
245 1 0 |a Come with me from Lebanon :  |b an American family odyssey /  |c Ann Zwicker Kerr ; with a foreword by Albert Hourani. 
250 |a 1st ed. 
264 1 |a Syracuse, NY :  |b Syracuse University Press,  |c 1994. 
300 |a xxi, 322 pages :  |b illustrations ;  |c 24 cm. 
336 |a text  |b txt  |2 rdacontent 
337 |a unmediated  |b n  |2 rdamedia 
338 |a volume  |b nc  |2 rdacarrier 
490 1 |a Contemporary issues in the Middle East 
504 |a Includes bibliographical references (pages 305-306) and index. 
600 1 0 |a Kerr, Ann Zwicker,  |d 1935- 
600 1 0 |a Kerr, Malcolm H. 
830 0 |a Contemporary issues in the Middle East. 
944 |a stk  |h REPL<2148184>REP-LATEST<>REF<warant>  |m Replacement on order 
999 |a MARS 
999 f f |s fa652467-2dfd-3bba-bd2f-447dd547bf88  |i 58c5e1ad-f713-3b85-8aea-c97d4219aead  |t 0 
952 f f |p ric  |a Texas A&M University  |b Rellis Campus  |c Joint Library Facility  |d Remote Storage  |t 0  |e CT275.K45866 A3 1994  |h Library of Congress classification  |i unmediated -- volume  |m A14818992072 
998 f f |a CT275.K45866 A3 1994  |t 0  |l Remote Storage